State Quiz - Uttar Pradesh - Statistics

General Stats
  • This quiz has been taken 330 times
  • The average score is 13 of 22
Answer Stats
Clue Answer % Correct
India's most famous landmark Taj Mahal
97%
Longest river Ganges
94%
City where that landmark is located Agra
93%
Official language Hindi
93%
Empire that built the above Mughal Empire
83%
City whose metropolitan area includes Ghaziabad and Noida Delhi
77%
State capital Lucknow
76%
Holy Hindu city on that river Varanasi
68%
Prime Minister who was born in that city in 1917 Indira Gandhi
61%
River on which the above is located Yamuna
59%
State that was carved from Uttar Pradesh in 2000 Uttarakhand
57%
Additional language Urdu
52%
Meaning of state's name {Northern} Province
49%
What is Kathak? Type of a dance
48%
"Leather City of the World" Kanpur
47%
"City of Prime Ministers" Allahabad
44%
Language mainly spoken in state's central (starts with A) Awadhi
36%
Top cash crop Sugarcane
34%
UP was known by this name during British rule, 1921–37 {United} Provinces
32%
Auto-racing championship hosted in Noida Indian Grand Prix
25%
Actor born Inquilaab Srivastava Amitabh Bachchan
24%
State animal Swamp {Deer}
14%
No matching quizzes found
Score Distribution
Percent of People with Each Score
Percentile by Number Answered
Your Score History
You have not taken this quiz